Imperfect Competition and Firm's Valuation Models

Gespeichert in:
Bibliographische Detailangaben
1. Verfasser: Virkkunen, Virpi
Format: Buch
Sprache:Englisch
Veröffentlicht: Helsinky School of Economics 1991
Ausgabe:1. ed.
Tags: Tag hinzufügen
Keine Tags, Fügen Sie das erste Tag hinzu!

MARC

LEADER 00000nam a2200000 4500
001 c037957
005 20221214093800.7
041 0 |a eng 
044 |a FI 
245 1 0 |a Imperfect Competition and Firm's Valuation Models  |c Virpi Virkkunen 
250 |a 1. ed. 
264 1 |a Helsinky  |b School of Economics  |c 1991 
300 |a 86 s. 
100 1 |a Virkkunen, Virpi